00780nam a2200229 a 450000100060000000300090000600800410001502000150005604000280007108200190009910000280011824500450014626000230019130000100021465000500022465000360027465000360031065000340034694200120038099900170039295201410040923332CO-ViMGA141112s2004 ck r 000 u spa d a9588281067 aCO-ViMGAbspacCO-ViMGA04a624.1762 R623a1 aRochel, Robertol93363910aAnalisis y diseño sismico de edificios aColombia : bEAFIT a277P.14aCONSTRUCCIONES ANTISISMICAS - DISEÑO93364014aDINAMICA DE ESTRUCTURAS 93364114aDISEÑO DE ESTRUCTURAS 91514114aINGENIERIA DE SISTEMAS 97752 2ddccBK c31554d31554 01102ddc44708002aMEVIECARbMEVIECARd2015-12-04h29/nov/2010l0o624.1762 R623a p23754r2015-12-04 00:00:00tEj. 1w2015-12-04yBK